书目信息 |
| 题名: |
路途和手段
|
|
| 作者: | 于根元 著 | |
| 分册: | ||
| 出版信息: | 北京 中国经济出版社 2004.1 |
|
| 页数: | 20,253页 | |
| 开本: | 21cm | |
| 丛书名: | 语言与传播丛书 | |
| 单 册: | ||
| 中图分类: | H0-3 | |
| 科图分类: | ||
| 主题词: | 语言学--yu yan xue--研究方法 , 语言学--yu yan xue , 应用语言学--ying yong yu yan xue , 应用语言学--ying yong yu yan xue--研究方法 | |
| 电子资源: | ||
| ISBN: | 7-5017-6089-6 | |
| 000 | 01220nam0 2200301 45 | |
| 001 | 012004101627 | |
| 005 | 20061228100222.00 | |
| 010 | @a7-5017-6089-6@dCNY20.00 | |
| 100 | @a20040317d2004 em y0chiy0121 ea | |
| 101 | 0 | @achi |
| 102 | @aCN@b110000 | |
| 105 | @ay z 000yy | |
| 200 | 1 | @a路途和手段@Alu tu he shou duan@e语言学及应用语言学研究方法@f于根元著 |
| 210 | @a北京@c中国经济出版社@d2004.1 | |
| 215 | @a20,253页@d21cm | |
| 225 | 2 | @a语言与传播丛书@Ayu yan yu chuan bo cong shu@v14 |
| 314 | @a于根元, 生于上海市, 现为北京广播学院播音主持艺术学院研究员, 语言学及应用语言学专业博士生导师, 著有《路途和手段——语言学及应用语言学研究方法》等。 | |
| 330 | @a本书包括: 语言学及应用语言学方法、方法论的若干思考; 语言学及应用语言学研究方法和方法论的地位、作用和性质等内容。 | |
| 410 | 0 | @12001 @a语言与传播丛书@v14 |
| 517 | 1 | @a语言学及应用语言学研究方法@Ayu yan xue ji ying yong yu yan xue yan jiu fang fa |
| 606 | 0 | @a语言学@Ayu yan xue@x研究方法 |
| 606 | 0 | @a语言学@Ayu yan xue |
| 606 | 0 | @a应用语言学@Aying yong yu yan xue |
| 606 | 0 | @a应用语言学@Aying yong yu yan xue@x研究方法 |
| 690 | @aH0-3@v4 | |
| 701 | 0 | @a于根元@Ayu gen yuan@4著 |
| 801 | 0 | @aCN@c20061228 |
| 905 | @a10447@dH0-3@eY705 | |
| 路途和手段:语言学及应用语言学研究方法/于根元著.-北京:中国经济出版社,2004.1 |
| 20,253页;21cm.-(语言与传播丛书;14) |
| ISBN 7-5017-6089-6:CNY20.00 |
| 本书包括: 语言学及应用语言学方法、方法论的若干思考; 语言学及应用语言学研究方法和方法论的地位、作用和性质等内容。 |
| ● |
| 相关链接 |
|
|
|
正题名:路途和手段
索取号:H0-3/Y705
 
预约/预借
| 序号 | 登录号 | 条形码 | 馆藏地/架位号 | 状态 | 备注 |
| 1 | 639224 | 206392241 | 语言库209/209语言库 62排2列3层/ [索取号:H0-3/Y705] | 在馆 | |
| 2 | 639225 | 206392250 | 语言库209/209语言库 62排2列3层/ [索取号:H0-3/Y705] | 在馆 | |
| 3 | 639226 | 206392269 | 语言库209/209语言库 62排2列3层/ [索取号:H0-3/Y705] | 在馆 |